000 00198 a2200097 4500
020 _a0440413621
041 _aeng
100 _aGiff, Patricia Reilly
245 _aNext stop, New York city
942 _cBK
999 _c5161
_d5161